5HLuxD.jpg

KING HENRY VIII SENIOR AND PRIMARY SCHOOL LIBRARY OPAC

Cambridge Global English ; (Record no. 2606)

000 -LEADER
fixed length control field 00870nam a22002897a 4500
003 - CONTROL NUMBER IDENTIFIER
control field OSt
005 - DATE AND TIME OF LATEST TRANSACTION
control field 20230731100318.0
008 - FIXED-LENGTH DATA ELEMENTS--GENERAL INFORMATION
fixed length control field 230731b ||||| |||| 00| 0 eng d
020 ## - INTERNATIONAL STANDARD BOOK NUMBER
International Standard Book Number 9781108921718
040 ## - CATALOGING SOURCE
Transcribing agency KH8
082 ## - DEWEY DECIMAL CLASSIFICATION NUMBER
Classification number 372.652 ALT
100 ## - MAIN ENTRY--PERSONAL NAME
Personal name Altamirano, Annie,
Relator term author.
245 ## - TITLE STATEMENT
Title Cambridge Global English ;
Remainder of title Teacher's Resource 9 /
Statement of responsibility, etc. Annie Altamirano.
250 ## - EDITION STATEMENT
Edition statement Second edition
260 ## - PUBLICATION, DISTRIBUTION, ETC.
Place of publication, distribution, etc. Cambridge :
Name of publisher, distributor, etc. Cambridge University Press ;
Date of publication, distribution, etc. 2022.
300 ## - PHYSICAL DESCRIPTION
Extent 333 pages,
Dimensions 8.6 x 0.5 x 11 inches.
500 ## - GENERAL NOTE
General note Includes digital access
650 ## - SUBJECT ADDED ENTRY--TOPICAL TERM
Topical term or geographic name entry element English language
650 ## - SUBJECT ADDED ENTRY--TOPICAL TERM
Topical term or geographic name entry element Foreign language
650 ## - SUBJECT ADDED ENTRY--TOPICAL TERM
Topical term or geographic name entry element Second language
700 ## - ADDED ENTRY--PERSONAL NAME
Personal name Mabbott, Nicola,
Relator term author.
700 ## - ADDED ENTRY--PERSONAL NAME
Personal name Little, Mark,
Relator term author.
700 ## - ADDED ENTRY--PERSONAL NAME
Personal name Hubbard, Bob,
Relator term author.
700 ## - ADDED ENTRY--PERSONAL NAME
Personal name Barker, Chris,
Relator term author.
700 ## - ADDED ENTRY--PERSONAL NAME
Personal name Mitchell, Libby,
Relator term author.
942 ## - ADDED ENTRY ELEMENTS (KOHA)
Source of classification or shelving scheme
Koha item type Teaching Resources
Holdings
Withdrawn status Lost status Source of classification or shelving scheme Damaged status Not for loan Collection code Permanent Location Current Location Shelving location Date acquired Total Checkouts Full call number Barcode Date due Date last seen Date last checked out Price effective from Koha item type
          Teaching Resources KH8 Senior School Library KH8 Senior School Library Staff Office 2023-07-31 1 372.652 ALT TRKHSL001343 2025-07-04 2024-11-04 2024-11-04 2023-07-31 Teaching Resources
          Teaching Resources KH8 Senior School Library KH8 Senior School Library Staff Office 2024-09-11 2 372.652 ALT TRKHSL005659   2025-08-20 2025-08-20 2024-09-11 Teaching Resources

Powered By KH8 IT Dept